000 03485cam a2200313 4500500
005 20260111150338.0
041 _afre
042 _adc
100 1 0 _aAubourg, Valérie
_eauthor
245 0 0 _aL’Oraison des mamans : un nouvel entre-soi religieux
260 _c2016.
500 _a84
520 _aFondé dans le Kent, en 1995, le mouvement l’Oraison des mamans compte actuellement plus de 2 000 groupes en France qui témoignent de l’activisme d’organisations catholiques favorisant une culture alternative de résistance par le religieux. Notre enquête ethnographique analyse ses pratiques, les idées conservatrices qu’il promeut et le profil de ses membres. Grâce à la fluidité des appartenances, le caractère volontaire de l’adhésion, le rapport démédiatisé avec Dieu, l’importance accordée au bien-être personnel, l’inscription dans un réseau transnational et transconfessionnel, le mouvement entre en consonance avec la culture contemporaine.
520 _aFounded in the Kent area in 1995, Prayer Moms currently includes over 2,000 groups in France which testify to the activism of Catholic organisations favouring an alternative culture of resistance, through religion. Our ethnographical survey analyzes its practices, the conservatives ideas that it promotes and its members. At the same time, owing to the different backgrounds, the voluntary nature of the membership, the direct link to God, the importance given to personal well-being, belonging to a transnational and a cross-denominational network, the Prayer Moms is in tune with contemporary culture.
520 _aFundado en el Kent en 1995, el movimiento La Oración de las mamás cuenta hoy con 2000 grupos en Francia, que dan testimonio del activismo de organizaciones católicas que favorece una cultura alternativa de resistencia a través de la religión. Nuestra investigación etnográfica analiza sus prácticas, las ideas conservadoras que promueve y el perfil de sus miembros. Gracias a la fluidez de las pertenencias, el carácter voluntario de la adhesión, la relación sin intermediario con Dios, la importancia reconocida al bienestar personal, la inscripción en una red transnacional y transconfesional, el movimiento entra en consonancia con la cultura contemporánea.
520 _aDie Bewegung „Gebet der Mütter”, die 1995 in der Grafschaft Kent gegründet wurde, umfasst heute 2000 Gruppen in Frankreich. Dies bezeugt den Aktivismus katholischer Organisationen, die eine alternative Widerstandskultur durch die Religion begünstigt. Unsere ethnographische Studie analysiert die Praktiken, die konservativen Ideen, die die Bewegung vertritt sowie die Profile der Mitglieder. Dank der vielfältigen Hintergründe, dem freiwilligen Charakter des Beitritts, den direkten Bezug zu Gott, der Wichtigkeit, die dem eigenen Wohlergehen zugeschrieben wird und die Einordnung in ein transnationales und transkonfessionelles Netzwerk, ist die Bewegung im Einklang mit der heutigen Kultur.
690 _aCatholicisme
690 _aCharismatique
690 _aConservatisme
690 _aMaternité
690 _aPrière
690 _aCatholicism
690 _aCharismatic
690 _aConservatism
690 _aMaternity
690 _aPrayer
786 0 _nEthnologie française | 46 | 2 | 2016-03-30 | p. 323-334 | 0046-2616
856 4 1 _uhttps://shs.cairn.info/revue-ethnologie-francaise-2016-2-page-323?lang=fr&redirect-ssocas=7080
999 _c1637536
_d1637536